000 00676nam a2200289Ia 4500
005 20260324141906.0
008 008 260324s9999 xx 000 0 eng d
020 _a9780203004876
037 _aEBOOK
040 _aCRL
040 _beng
040 _cCRL
041 _2eng
041 _aeng
084 _qCRL
100 _aTim Crane; D.M. Armstrong; C.B. Martin; U.T. Place
_91209905
245 0 _aDispositions
245 2 _bA Debate
260 _bTaylor and Francis
260 _c1996
365 _a
365 _b230
856 _uhttp://www.taylorfrancis.com/books/9780203004876
942 _cEBOOK
999 _c1813474
_d1813474